Catalog

Record Details

Catalog Search



Available copies

  • 2 of 2 copies available at LARL/NWRL Consortium.

Current holds

0 current holds with 2 total copies.

Show Only Available Copies
Location Call Number / Copy Notes Barcode Shelving Location Status Due Date
Fertile Public Library M COY (Text) 33500013902010 Main Available -
Moorhead Public Library M COY (Text) 33500014027239 Main Available -

Record details

  • ISBN: 9780593197592
  • ISBN: 0593197593
  • Physical Description: viii, 331 pages ; 25 cm.
  • Publisher: New York : Berkley Prime Crime, [2023]

Content descriptions

Summary, etc.:
"Only Murders in Gotham, the smash hit streaming ... Read More
Subject: Cosi, Clare (Fictitious character) > Fiction.
Women detectives > Fiction.
Murder > Investigation > Fiction.
Coffeehouses > Fiction.
Television > Production and direction > Fiction.
Shooting > Fiction.
New York (N.Y.) > Fiction.
Genre: Cozy mysteries.
Novels.
Detective and mystery stories.
LDR 02781cam a22006138i 4500
001418252
003LARL_NWRL_CONSORTIUM
00520231201174812.0
008230526t20232023nyu e 000 1 eng
010 . ‡a 2023022560
040 . ‡aDLC ‡beng ‡erda ‡cDLC ‡dOCLCF ‡dOCLCO ‡dCCPLG ‡dZGR ‡dFM0 ‡dMWD ‡dIMT ‡dRNL ‡dIL2 ‡dOCLCO ‡dCG4 ‡dPPR ‡dGL4 ‡dTOH
019 . ‡a1391698664 ‡a1402780553 ‡a1406130875
020 . ‡a9780593197592 ‡q(hardcover)
020 . ‡a0593197593 ‡q(hardcover)
020 . ‡z9780593197608 ‡q(ebook)
035 . ‡a(OCoLC)1370328207 ‡z(OCoLC)1391698664 ‡z(OCoLC)1402780553 ‡z(OCoLC)1406130875
042 . ‡apcc
08200. ‡a813/.6 ‡223/eng/20230526
1001 . ‡aCoyle, Cleo, ‡eauthor. ‡0(LARL_NWRL_CONSORTIUM)192314
24510. ‡aBulletproof barista / ‡cCleo Coyle.
264 1. ‡aNew York : ‡bBerkley Prime Crime, ‡c[2023]
264 4. ‡c©2023.
300 . ‡aviii, 331 pages ; 25 cm.
336 . ‡atext ‡btxt ‡2rdacontent
337 . ‡aunmediated ‡bn ‡2rdamedia
338 . ‡avolume ‡bnc ‡2rdacarrier
4900 . ‡aCoffeehouse ; ‡v20
520 . ‡a"Only Murders in Gotham, the smash hit streaming show, is famous for filming in authentic New York City locations and using real New Yorkers as extras. For their latest episode, they've chosen to spotlight the century-old Village Blend and its quirky crew of baristas. But when the film crew's week of shooting delivers an actual shooting, Clare Cosi and her staff find themselves at the scene of a true crime"-- ‡cProvided by publisher.
650 0. ‡aCosi, Clare (Fictitious character) ‡vFiction.
650 0. ‡aWomen detectives ‡vFiction. ‡0(LARL_NWRL_CONSORTIUM)167906
650 0. ‡aMurder ‡xInvestigation ‡vFiction. ‡0(LARL_NWRL_CONSORTIUM)166203
650 0. ‡aCoffeehouses ‡vFiction. ‡0(LARL_NWRL_CONSORTIUM)171527
650 0. ‡aTelevision ‡xProduction and direction ‡vFiction.
650 0. ‡aShooting ‡vFiction.
651 0. ‡aNew York (N.Y.) ‡vFiction. ‡0(LARL_NWRL_CONSORTIUM)166410
655 7. ‡aCozy mysteries. ‡2lcgft
655 7. ‡aNovels. ‡2lcgft
655 0. ‡aDetective and mystery stories.
77608. ‡iOnline version: ‡aCoyle, Cleo. ‡tBulletproof barista ‡dNew York : Berkley Prime Crime, [2023] ‡z9780593197608 ‡w(DLC) 2023022561
901 . ‡a418252 ‡bOCoLC ‡c418252 ‡tbiblio ‡soclc

Additional Resources